[Event "U. S. Open Weekend Swiss"]
[Site "Middleton, WI"]
[Date "2013.07.27"]
[Round "2"]
[White "Mulford Michael  (GA)"]
[Black "Varner Murlin  (WA)"]
[Result "1-0"]
[WhiteElo "1881"]
[BlackElo "1633"]
[Annotator ""]
[Source ""]
[Remark ""]

1.e4 e6 2.b3 Bc5 3.Bb2 ( 3.Bb2 Nf6 4.d4 Bb4+ 5.c3 Be7 6.Bd3 O-O
7.Nf3 c5 8.O-O Nc6 9.Nbd2 d5 10.e5 Ne8 11.Re1 f6 12.Qc2 f5 13.dxc5
Bxc5 14.Nd4 Qb6 15.N2f3 Bd7 16.Rad1 Rc8 17.Qe2 f4 18.Ng5 h6 19.Ngxe6
Nxd4 20.Nxd4 Bxd4 21.cxd4 Qe6 22.f3 Nc7 23.Rc1 a6 24.a4 Qb6 25.Qd1
Ne6 26.Rxc8 Rxc8 27.Kh1 Kh8 28.Bb1 Bxa4 29.Qd3 Nf8 30.Ba3 Qxb3
31.Qf5 Bd7 32.Qd3 Rc3 33.Qd2 Qxa3 34.Qxf4 Qe7 35.Qd2 Qb4 36.h3
Rb3 37.Qc2 Qxe1+ {0-1, Guerra Jose (VEN) - Pacheco Josue (ECU) 1954, Bogota (Colombia) 2004.07.26}
) Nf6 4.d4 Be7 5.Bd3 d6 6.Nf3 Nc6 7.a3 d5 8.e5 Nh5 9.Qd2 g6 10.Nc3
a6 11.Qh6 Bf8 ( 11...Nxd4 12.Nxd4 ( 12.Qe3 Nxf3+ 13.Qxf3 O-O
{%02$15/$17} ) Bg5 $19 ) 12.Qe3 Ne7 13.Ne2 Nf5 14.Bxf5 exf5 15.O-O
Be7 16.c4 Be6 17.Rac1 O-O 18.Rfd1 c6 19.Nc3 b5 20.cxd5 Bxd5 21.Nxd5
Qxd5 22.Ne1 Rac8 23.Nd3 Qd8 {?} ( 23...Qxb3 $15 ) 24.f4 h6 25.Qf3
Qb6 26.Nc5 Rfd8 27.b4 Rd5 28.g4 fxg4 29.Qxg4 Rcd8 30.f5 Bg5 31.Rc3
Nf4 32.h4 gxf5 33.Qf3 Rxd4 34.Rxd4 Rxd4 35.hxg5 hxg5 36.Re3 Rd2
37.Bc3 Rg2+ 38.Kf1 Qd8 39.Nd3 Rg4 40.e6 fxe6 41.Be5 Ng2 42.Re2
Nh4 43.Qxc6 Ng6 {?} 44.Qxe6+ Kh7 45.Qf7+ Kh6 46.Qg7+ 1-0

[Event "U. S. Open"]
[Site "Middleton, WI"]
[Date "2013.07.27"]
[Round "1"]
[White "Varner Murlin  (WA)"]
[Black "Raghavan Vijay  (WI)"]
[Result "0-1"]
[WhiteElo "1633"]
[BlackElo "2153"]
[Annotator ""]
[Source ""]
[Remark ""]

1.c4 d6 2.Nc3 Nf6 3.g3 g6 4.Bg2 Bg7 5.d3 O-O 6.Nf3 c5 7.O-O Nc6
8.a3 Rb8 9.Rb1 Bg4 10.b4 Nd7 {%08DA} 11.Bd2 Nd4 12.bxc5 Bxf3
13.Bxf3 Nxf3+ 14.exf3 dxc5 15.f4 ( 15.Rb3 {=} ) Nf6 16.Be3 Qd7
17.Ne4 {?} ( 17.Bxc5 ) b6 18.Nxf6+ Bxf6 19.Qb3 Rfd8 20.Rfd1 Rbc8
21.Rd2 Rc6 22.Rbd1 Rd6 23.Qc2 h5 24.h4 Qg4 25.Kh2 e5 26.fxe5
Bxe5 27.f4 Bf6 28.Rf1 Qf5 29.Rfd1 R8d7 30.Qb1 ( 30.Bf2 ) Bc3
31.Re2 Rxd3 32.Rxd3 Rxd3 33.Bf2 Bf6 34.Re8+ Kg7 35.Ra8 Bxh4 36.Qe1
Bxg3+ 37.Bxg3 h4 38.Bxh4 Rh3+ 39.Kg2 Rxh4 40.Qxh4 Qe4+ 41.Kg3
Qxa8 42.Qg5 Qe4 43.Kf2 Qxc4 44.Qe5+ f6 45.Qe7+ Qf7 0-1

[Event "U. S. Open Weekend Swiss"]
[Site "Middleton, WI"]
[Date "2013.07.28"]
[Round "3"]
[White "Varner Murlin  (WA)"]
[Black "Yan Benjamin  (MN)"]
[Result "1-0"]
[WhiteElo "1633"]
[BlackElo "1233"]
[Annotator ""]
[Source ""]
[Remark ""]

1.c4 e5 2.g3 Nc6 3.Bg2 Bc5 4.Nc3 Nf6 5.e4 d6 6.Nge2 Be6 7.d3
h6 8.a3 Ne7 9.b4 Bb6 10.h3 c6 11.Qc2 O-O 12.Bd2 Rc8 13.f4 exf4
14.gxf4 Bd7 15.O-O-O a6 16.f5 ( 16.e5 ) c5 17.Kb1 Qc7 18.Qc1
Ba7 19.Bf3 cxb4 20.axb4 b5 21.Bxh6 Ne8 22.f6 ( 22.Bxg7 Kxg7 23.Nd5
Qd8 24.f6+ ) Ng6 23.fxg7 Nxg7 24.Qb2 Be8 25.Nd5 f6 26.Nxc7 Rxc7
27.Bxg7 Kxg7 28.Nd4 Re7 29.Nf5+ Kf7 30.Nxe7 Kxe7 31.d4
( 31.Qa2 ) bxc4 32.Bh5 Nf4 33.Bxe8 Rxe8 34.e5 fxe5 35.dxe5 Rb8
36.exd6+ Ke6 37.Rhe1+ Kf5 38.Qe5+ Kg6 39.Qxf4 Rxb4+ 40.Kc2 Rb5
41.Re6+ Kg7 42.Qf6+ Kg8 43.Qg6+ Kf8 44.Re8# 1-0

[Event "U. S. Open Weekend Swiss"]
[Site "Middleton, WI"]
[Date "2013.07.28"]
[Round "4"]
[White "Varner Murlin  (WA)"]
[Black "Mueller Beau  (HI)"]
[Result "0-1"]
[WhiteElo "1633"]
[BlackElo "1952"]
[Annotator ""]
[Source ""]
[Remark ""]

1.c4 e6 2.Nc3 f5 3.g3 Nf6 4.Bg2 Be7 5.Nf3 O-O 6.O-O d6 7.d3 e5
8.Ng5 h6 9.Nh3 a5 10.f4 Nc6 11.Nd5 Nb4 12.Nxf6+ Bxf6 13.fxe5
dxe5 14.a3 Na6 15.b4 {??} Qd4+ 16.e3 Qxa1 17.Qb3 e4 18.d4 Bxd4
19.exd4 Qxd4+ 20.Be3 a4 21.Bxd4 axb3 22.Nf4 Rd8 23.Nd5 Kh7 24.g4
c6 25.Nb6 Rxd4 26.Nxa8 Be6 27.Nb6 Bxc4 28.Nxc4 Rxc4 29.gxf5 b2
30.f6 gxf6 0-1

[Event "U. S. Open"]
[Site "Middleton, WI"]
[Date "2013.07.28"]
[Round "2"]
[White "Jing Peicheng  (WI)"]
[Black "Varner Murlin  (WA)"]
[Result "0-1"]
[WhiteElo "989"]
[BlackElo "1633"]
[Annotator ""]
[Source ""]
[Remark ""]

1.e4 e6 2.d4 d5 3.Nc3 Bb4 4.a3 Bxc3+ 5.bxc3 Nf6 6.e5 Ne4 7.Bb2
b6 8.Nf3 O-O 9.g3 f6 10.Bg2 Ba6 11.Nd2 Nxd2 12.Qxd2 fxe5 13.dxe5
Nd7 14.f4 Rc8 15.O-O-O Nc5 16.Qe1 Qe7 17.Bf1 Bb7 18.Rg1 Na4 19.c4
c6 20.Qb4 Nc5 21.Bd3 Qc7 22.Qe1 b5 23.cxb5 cxb5 24.Bxb5 Nb3+
25.Kb1 Qxc2+ 26.Ka2 Nc5 27.Be2 Qb3+ ( 27...d4 ) 28.Ka1 Na4 29.Qb4
Qxb4 30.axb4 Rc2 31.Bb5 Nxb2 32.Rb1 Nc4 33.Rbc1 Na3 34.Rxc2 Nxc2+
35.Kb1 Nxb4 {?} ( 35...Na3+ 36.Kc1 Rc8+ 37.Kd2 Nxb5 ) 36.Rc1
Rc8 37.Bd7 Rxc1+ 38.Kxc1 Kf7 39.Ba4 Bc6 40.Bc2 Nxc2 41.Kxc2 a5
42.Kc3 a4 43.Kb4 Ke7 44.h4 h5 45.Kc3 Bb5 46.Kb4 d4 47.Ka3 d3 0-1

[Event "U. S. Open"]
[Site "Middleton, WI"]
[Date "2013.07.27"]
[Round "1"]
[White "Murray Michael  (WA)"]
[Black "Offertaler Laszlo  (MD)"]
[Result "1-0"]
[WhiteElo "2037"]
[BlackElo "1523"]
[Annotator ""]
[Source ""]
[Remark ""]

1.e4 c5 2.Nc3 g6 3.g3 Nc6 4.d3 Bg7 5.Bg2 d6 6.Nge2 Nf6 7.h3 O-O
8.O-O a6 9.f4 Nd7 10.g4 Nd4 11.Ng3 e6 12.g5 f5 13.Nce2 Nxe2+
14.Qxe2 Re8 15.c3 Qc7 16.exf5 c4 17.fxg6 hxg6 18.dxc4 Nf8 19.Qd3
Bd7 20.Rd1 Qb6+ 21.Kh2 d5 22.cxd5 Rad8 23.Be3 Qxb2 24.Bd4 Bb5
25.c4 Bxd4 26.Qxd4 Qxd4 27.Rxd4 Bc6 28.Ne4 Kf7 29.Nf6 exd5 30.Nxe8
Ne6 31.Bxd5 Rxe8 32.Re4 Bd7 33.Rae1 b6 34.h4 Re7 35.h5 1-0

[Event "U. S. Open"]
[Site "Middleton, WI"]
[Date "2013.07.27"]
[Round "1"]
[White "Langer Michael  (TX)"]
[Black "Roland Jeffrey  (ID)"]
[Result "1-0"]
[WhiteElo "2313"]
[BlackElo "1731"]
[Annotator ""]
[Source ""]
[Remark ""]

1.e4 e6 2.d4 d5 3.Nd2 dxe4 4.Nxe4 Nd7 5.Nf3 Ngf6 6.Nxf6+ Nxf6
7.c3 Be7 8.Bd3 O-O 9.Qe2 c5 10.dxc5 Bxc5 11.Bg5 Be7 12.O-O h6
13.Bh4 Qc7 14.Rfe1 Bd7 15.Ne5 Bc6 16.Rad1 Be8 17.Bc2 Rd8 18.Rxd8
Bxd8 19.Qd3 g6 20.Bg3 Qa5 21.Nc4 Qd5 22.Bd6 Bc6 23.Qxd5 Bxd5
24.Bxf8 Kxf8 25.Ne5 Bb6 26.c4 Ba5 27.b4 Bxb4 28.Rb1 Bc3 29.Nxg6+
fxg6 30.cxd5 Nxd5 31.Rxb7 1-0

[Event "U. S. Open Weekend Swiss"]
[Site "Middleton, WI"]
[Date "2013.07.27"]
[Round "1"]
[White "Hajiarbabi Mohammadreza  (KS)"]
[Black "Porth Adam  (ID)"]
[Result "1-0"]
[WhiteElo "1861"]
[BlackElo "1287"]
[Annotator ""]
[Source ""]
[Remark ""]

1.e4 e6 2.d4 d5 3.Nc3 Bb4 4.e5 c5 5.Bd2 cxd4 6.Nb5 Nc6 7.Bxb4
Nxb4 8.Nd6+ Kf8 9.a3 Nc6 ( 9...Nc6 10.f4 f6 11.Bb5 fxe5 12.fxe5
Nxe5 13.Qh5 Ng6 14.Nxc8 Rxc8 15.O-O-O Nf6 16.Qf3 Qc7 17.Qf2 e5
18.Nh3 Ke7 19.Rhe1 Ne4 20.Qe2 Qc5 21.Bd3 Nc3 22.Qg4 Nxd1 23.Bxg6
Ne3 24.Qh4+ Kd6 25.Ng5 hxg6 26.Nf7+ Kc7 27.Qf2 Rhf8 {0-1, Marchais Aurelie (FRA) 1771 - Roos Eliane (FRA) 1779, Calvi (France) 2005.04}
) 10.f4 Nh6 11.Nf3 Qb6 12.b4 Ng4 13.Ng5 h5 14.Ngxf7 d3 15.Qd2
Qe3+ 16.Qxe3 Nxe3 17.Kd2 Nxc2 18.Ra2 Rg8 19.Bxd3 N2d4 20.Bh7
Bd7 21.Bxg8 Kxg8 22.Ng5 Nd8 23.Ke3 Nf5+ 24.Nxf5 exf5 25.Re1 Ne6
26.Nxe6 Bxe6 27.Kd4 b6 28.Rc1 h4 29.Rac2 a5 30.b5 Kh7 31.Rc6
Re8 32.Rxb6 Kh6 33.Rcc6 Kh5 34.Rxe6 Rc8 35.Rec6 Ra8 36.Kxd5 Kg4
37.Rc4 Rd8+ 38.Rd6 Ra8 39.e6 g5 40.fxg5+ Kxg5 41.e7 f4 42.Rd8
Ra7 43.e8Q 1-0

[Event "U. S. Open"]
[Site "Middleton, WI"]
[Date "2013.07.27"]
[Round "1"]
[White "Phythyon John  (ME)"]
[Black "Kleist Carol  (WA)"]
[Result "1-0"]
[WhiteElo "1901"]
[BlackElo "1400"]
[Annotator ""]
[Source ""]
[Remark ""]

1.e4 c5 2.Nf3 Nc6 3.d4 cxd4 4.Nxd4 g6 5.Nc3 Bg7 6.Be3 Nf6 7.f3
O-O 8.Qd2 d5 9.exd5 Nxd5 10.Nxc6 Bxc3 11.bxc3 bxc6 12.Bh6 Re8
13.c4 Nf6 14.Bd3 Qd4 15.c3 Qe5+ 16.Kf2 Qd6 17.Rad1 Bb7 18.Qb2
Qc7 19.c5 Qc8 20.h4 Ba6 21.h5 Bxd3 22.Rxd3 Qf5 23.Qd2 Qxc5+ 24.Be3
Qa5 {?!} 25.hxg6 fxg6 26.Bd4 Rad8 27.Re1 Qa6 28.Re6 Nd5 29.Qh6
Kf7 30.Re2 Nf6 {?} 31.Bxf6 Kxf6 32.Qf4+ Kg7 33.Rxd8 Qb6+ 34.Qd4+
Qxd4+ 35.Rxd4 1-0

[Event "U. S. Open"]
[Site "Middleton, WI"]
[Date "2013.07.27"]
[Round "1"]
[White "Niro Frank  (KY)"]
[Black "Thompson Dexter  (MI)"]
[Result "1/2-1/2"]
[WhiteElo "1700"]
[BlackElo "2200"]
[Annotator ""]
[Source ""]
[Remark ""]

1.e4 e5 2.Nf3 Nc6 3.Bb5 a6 4.Bxc6 dxc6 5.Nc3 Bc5 6.d3 Bg4 7.h3
Bh5 8.g4 Bg6 9.Nxe5 Bxf2+ 10.Kxf2 ( 10.Kxf2 Qd4+ 11.Be3 Qxe5
12.d4 Qe6 13.Ke1 Bxe4 14.Nxe4 Qxe4 15.Ke2 Nf6 16.Kd2 O-O 17.Qe2
Nd5 18.Rae1 Qxe3+ 19.Qxe3 Nxe3 20.Rxe3 Rfe8 21.Rf3 Rad8 22.a3
c5 23.Rf4 cxd4 {0-1, Lechelt Mathias - Gruenwald Eduard (GER) 1942, Langeoog (Germany) 2001}
) Qd4+ 11.Be3 Qxe5 12.Qf3 O-O-O 13.Bf4 Qe7 14.Rae1 f6 15.Qe3
Qb4 16.Qa7 Ne7 17.a3 Qd4+ 18.Qxd4 Rxd4 19.Be3 Rd7 20.Na4 Bf7
21.Nc5 Rdd8 22.Rd1 Rhe8 23.Bf4 Ng6 24.Bg3 a5 25.Rhe1 h5 26.b4
Ne5 27.bxa5 Nd7 28.Nxd7 Rxd7 29.Rb1 Rde7 30.Rb4 1/2-1/2

[Event "U. S. Open"]
[Site "Middleton, WI"]
[Date "2013.07.27"]
[Round "1"]
[White "Pahl Sandra  (WI)"]
[Black "Kleist Fredreick  (WA)"]
[Result "0-1"]
[WhiteElo "1527"]
[BlackElo "2037"]
[Annotator ""]
[Source ""]
[Remark ""]

1.e4 c5 2.Nc3 Nc6 3.Nf3 Nf6 4.e5 Ng4 5.Qe2 d6 6.exd6 e6 7.h3
Nf6 8.d3 Bxd6 9.Bg5 Nd4 10.Nxd4 cxd4 11.Ne4 Be7 12.Nxf6+ Bxf6
13.Bxf6 Qxf6 14.Qd2 O-O 15.Be2 Bd7 16.g4 Bc6 17.Rg1 Rfc8 18.Rg3
Bd5 19.f3 Rc5 20.g5 Qe5 21.Kf2 Rac8 22.Rc1 a5 23.f4 Qc7 24.Bd1
Qb6 25.b3 Rc3 26.Rb1 Qc5 27.Rb2 b6 28.Rg1 Bb7 29.Re1 Qd5 30.Kg3
Qc5 31.Re5 Qa3 32.Rb1 Qxa2 33.Qc1 Bd5 34.Ra1 Qxb3 35.Qb1 Qxb1
36.Rxb1 R8c6 37.f5 a4 38.fxe6 fxe6 39.Ra1 b5 40.Rb1 R6c5 41.Rb4
a3 42.Re1 a2 43.Be2 Rxc2 44.Bf3 Bxf3 45.Rxe6 a1Q 46.Kxf3 Qf1+ 0-1

[Event "U. S. Open"]
[Site "Middleton, WI"]
[Date "2013.07.28"]
[Round "2"]
[White "Sloan Kenneth (AL)"]
[Black "Murray Michael  (WA)"]
[Result "0-1"]
[WhiteElo "1811"]
[BlackElo "2037"]
[Annotator ""]
[Source ""]
[Remark ""]

1.c4 Nc6 2.Nc3 e5 3.e4 g6 4.Nge2 Bg7 5.g3 d6 6.Bg2 Be6 7.d3 Qd7
8.O-O h5 9.f4 h4 10.Qe1 Nf6 11.Nd5 hxg3 12.Nxf6+ Bxf6 13.Nxg3
exf4 14.Bxf4 O-O-O 15.Rb1 Bh3 16.Qf2 Bd4 17.Be3 Bxe3 18.Qxe3
Bxg2 19.Kxg2 Qh3+ 20.Kf3 Qxh2 21.d4 Rh3 22.Rg1 f5 23.exf5 Rf8
24.Qe6+ Kb8 25.Qxg6 Nxd4+ 26.Ke4 Rh4+ 27.Kd5 Rd8 28.c5 c6+ 0-1

[Event "U. S. Open"]
[Site "Middleton, WI"]
[Date "2013.07.28"]
[Round "2"]
[White "Roland Jeffrey  (ID)"]
[Black "Calderone John  (WI)"]
[Result "0-1"]
[WhiteElo "1731"]
[BlackElo "1490"]
[Annotator ""]
[Source ""]
[Remark ""]

1.e4 d6 2.d4 Nf6 3.Nc3 g6 4.g3 Bg7 5.Bg2 O-O 6.Nge2 c6 7.O-O
Nbd7 8.h3 e5 9.dxe5 dxe5 10.Be3 Nb6 11.b3 Qc7 12.Qe1 Nbd7 13.Rd1
b6 14.f4 Bb7 15.Qf2 Rad8 16.fxe5 Nxe5 17.Rxd8 Rxd8 18.Bg5 Rd6
19.Bf4 Qe7 20.Nc1 Nfd7 21.Kh2 Rf6 22.Qe3 h5 23.Bg5 Qe6 24.Bxf6
Nxf6 25.Qe1 Ba6 26.N1e2 g5 27.Qd2 Bh6 28.Qd8+ Ne8 29.Rf2 Qc8
30.Qe7 Qe6 31.Qxa7 Bxe2 32.Nxe2 c5 33.Qb8 Kg7 34.Nc3 Nf6 35.Kh1
g4 36.h4 Nf3 37.Qb7 {?} ( 37.e5 $16 ) Qe5 38.Ne2 Nxe4 39.Bxf3
Nxf2+ 40.Kg2 gxf3+ 41.Qxf3 Ng4 42.Qc3 Qxc3 43.Nxc3 Be3 44.Nd5
b5 45.a4 Bd4 46.c3 ( 46.axb5 ) Ne3+ 47.Nxe3 Bxe3 48.Kf3 c4 0-1

[Event "U. S. Open"]
[Site "Middleton, WI"]
[Date "2013.07.29"]
[Round "3"]
[White "Varner Murlin  (WA)"]
[Black "Christensen Wade  (WI)"]
[Result "0-1"]
[WhiteElo "1684"]
[BlackElo "1902"]
[Annotator ""]
[Source ""]
[Remark ""]

1.c4 Nf6 2.Nc3 e6 3.g3 d5 4.cxd5 exd5 5.d4 c6 6.Bg2 Bb4 7.Bd2
Qe7 8.Nf3 h6 9.O-O Bf5 10.a3 Bd6 11.Nh4 Bh7 12.Re1 Ne4 13.Nf3
Nd7 14.Be3 Nb6 15.Nxe4 Bxe4 16.Qc1 O-O 17.Bf4 Rfe8 18.Bxd6 Qxd6
19.Nh4 Bh7 20.b3 a5 21.Nf3 Re7 22.Qc5 Qxc5 23.dxc5 Nd7 24.b4
( 24.Rac1 ) axb4 25.axb4 Ra6 26.Rxa6 bxa6 27.Nd4 Nb8 28.e3
( 28.Ra1 Kf8 29.Bf1 $16 ) Rb7 29.Nxc6 Nxc6 30.Bxd5 Rc7 31.Bxc6
Rxc6 32.Ra1 Bd3 33.Rd1 Bb5 34.e4 Re6 35.Rd4 Kf8 36.f4 f6 37.Kf2
Bc6 38.Ke3 Ke7 39.h4 h5 40.Kd3 Bb5+ 41.Ke3 Rc6 42.Rd5 g6 43.e5
Re6 44.Rd6 {?} ( 44.Kd4 ) fxe5 45.fxe5 Rxe5+ 46.Kf4 Rf5+ 47.Ke4
Rf6 48.Ke5 Rxd6 49.cxd6+ Kd7 50.Kd5 Bc6+ 51.Kc5 Bf3 52.Kb6 Kxd6
53.Kxa6 Ke5 54.Kb6 Kf5 55.Kc5 Kg4 0-1

[Event "U. S. Open"]
[Site "Middleton, WI"]
[Date "2013.07.28"]
[Round "2"]
[White "Kleist Fredreick  (WA)"]
[Black "Karp Eli  (LA)"]
[Result "0-1"]
[WhiteElo "2030"]
[BlackElo "1816"]
[Annotator ""]
[Source ""]
[Remark ""]

1.e4 e6 2.d4 d5 3.Nd2 Nf6 4.e5 Nfd7 5.Bd3 c5 6.c3 Nc6 7.Ne2 cxd4
8.cxd4 Qb6 9.Nf3 f6 10.exf6 Nxf6 11.O-O Bd6 12.Bf4 Bxf4 13.Nxf4
O-O 14.Re1 Qxb2 15.Re2 Qa3 16.Rb1 Qd6 17.g3 Re8 18.Ne5 Nd7 19.Qc2
Nf8 20.Qb2 a6 21.Qb6 Nd7 22.Nxd7 Bxd7 23.Rc1 Rab8 24.Qb1 Nxd4
25.Bxh7+ Kf8 26.Rb2 ( 26.Ng6+ ) e5 27.Ng6+ Kf7 28.f4 Nf3+ 29.Kg2
e4 30.Rb6 Bc6 31.Qb2 Qf6 32.Rcxc6 Qxb2+ 33.Rxb2 bxc6 34.Rc2 Ne1+ 0-1

[Event "U. S. Open"]
[Site "Middleton, WI"]
[Date "2013.07.28"]
[Round "2"]
[White "Bjork Christopher  (WI)"]
[Black "Hughes Charles (ID)"]
[Result "1-0"]
[WhiteElo "1495"]
[BlackElo "1749"]
[Annotator ""]
[Source ""]
[Remark ""]

1.e4 Nf6 2.Nc3 d6 3.d4 g6 4.Nf3 Bg7 5.Bc4 O-O 6.O-O Nxe4 7.Bxf7+
Rxf7 8.Nxe4 Bg4 9.Neg5 Rf8 10.Qd3 e6 11.Qb3 Re8 12.Qxb7 Nd7 13.h3
Bf5 14.Qc6 h6 15.Ne4 Rb8 16.Ned2 g5 17.c3 e5 18.Re1 Rb6 19.Qd5+
Kh8 20.dxe5 Nxe5 21.Nxe5 Rxe5 22.Rxe5 Bxe5 23.Nc4 Qd7 24.Nxb6
axb6 25.Be3 Kg7 26.Bd4 Kf8 27.Bxe5 dxe5 28.Qxd7 Bxd7 29.Rd1 Be6
30.a3 g4 31.hxg4 Bxg4 32.Rd8+ Kf7 33.Ra8 Ke7 34.Rh8 h5 35.f3 1-0

[Event "U. S. Open"]
[Site "Middleton, WI"]
[Date "2013.07.28"]
[Round "2"]
[White "Gatica Jose  (IA)"]
[Black "Niro Frank  (KY)"]
[Result "1-0"]
[WhiteElo "2043"]
[BlackElo "1700"]
[Annotator ""]
[Source ""]
[Remark ""]

1.c4 f5 2.Nc3 Nf6 3.g3 g6 4.Bg2 c6 5.e4 d6 6.d3 e5 7.Nge2 Bg7
8.O-O O-O 9.h3 Na6 10.Be3 Nh5 11.Qd2 f4 12.gxf4 Qh4 13.f5 Bf6
14.f4 Ng3 15.Nxg3 Qxg3 16.Rf3 Qh4 17.fxg6 hxg6 18.Raf1 Be6 19.f5
gxf5 20.exf5 Bd7 21.Ne4 d5 22.Nxf6+ Rxf6 23.Kh2 Qh7 24.Rg3+ Kf7
25.cxd5 Rh8 26.Bg5 Rd6 27.Qe3 Re8 28.dxc6 Bxc6 29.Be4 1-0

[Event "U. S. Open"]
[Site "Middleton, WI"]
[Date "2013.07.28"]
[Round "2"]
[White "Kleist Carol  (WA)"]
[Black "Redmond Roger  (MN)"]
[Result "0-1"]
[WhiteElo "1400"]
[BlackElo "1678"]
[Annotator ""]
[Source ""]
[Remark ""]

1.d4 Nf6 2.c4 c5 3.Nf3 g6 4.g3 Bg7 5.Bg2 O-O 6.O-O d6 7.Nc3 a6
8.Re1 Qc7 9.d5 Bg4 10.h3 Bxf3 11.Bxf3 Nbd7 12.e4 Ne5 13.Be2 Qc8
14.Kh2 h6 15.f4 Ned7 16.Rb1 Qc7 17.a4 b6 18.Bd2 Rfe8 19.Bf3 Rab8
20.Re2 Nh7 21.Qc1 Bf6 22.Re1 Kh8 23.Rg1 Rg8 24.Be3 Qd8 25.b4
cxb4 26.Rxb4 Nc5 27.Qc2 g5 28.Bf2 gxf4 29.gxf4 Rxg1 30.Bxg1 e6
31.Ne2 e5 32.fxe5 Bxe5+ 33.Kh1 Qh4 34.Bg2 Nf6 35.Bd4 Qe1+ 36.Ng1
Bxd4 37.Rb1 Qe3 0-1

[Event "U. S. Open"]
[Site "Middleton, WI"]
[Date "2013.07.29"]
[Round "3"]
[White "Niro Frank  (KY)"]
[Black "Foss Jakob  (WI)"]
[Result "1-0"]
[WhiteElo "1700"]
[BlackElo "1218"]
[Annotator ""]
[Source ""]
[Remark ""]

1.e4 e5 2.Nf3 Nc6 3.Bb5 a6 4.Bxc6 dxc6 5.Nc3 Bg4 6.h3 Bxf3 7.Qxf3
Qf6 8.Qg3 Bb4 9.O-O O-O-O ( 9...Bc5 10.d3 h6 11.Be3 Bxe3 12.Qxe3
g5 13.Rad1 Ne7 14.d4 Ng6 15.Ne2 O-O 16.dxe5 Nxe5 17.f4 gxf4 18.Rxf4
Qg5 19.Qc3 Rae8 20.Rdf1 Kh7 21.Rf5 Qg7 22.Nf4 Nd7 23.e5 Re7 24.Nh5
Qg6 25.Nf6+ Nxf6 26.Rxf6 Qg7 27.R1f4 Rg8 28.Qf3 Kh8 29.Rh4 Re6
30.Rg4 Rxf6 31.Rxg7 Rxf3 32.Rxg8+ Kxg8 33.gxf3 Kg7 34.Kf2 Kg6
35.Ke3 Kf5 36.f4 c5 37.c4 c6 38.b3 b5 39.a4 h5 40.Kf3 Kg6 41.Ke4
h4 42.Ke3 Kh6 43.f5 Kg5 44.Ke4 Kh6 45.Kf4 Kh5 46.e6 {1-0, Milovanovic Rade (USA) 2410 - Salimbagat Rico (USA) 2306, Philadelphia (USA) 2006.07.03}
) 10.d3 h6 11.Be3 Ne7 12.f4 Qg6 13.Qf2 f6 14.Na4 Kb8 15.Bc5 Bxc5
16.Qxc5 Rhe8 17.fxe5 fxe5 18.Qxe5 Nd5 19.Qf5 Qxf5 20.Rxf5 Nf6
21.Raf1 Rf8 22.Nc5 Nh7 23.Rxf8 Nxf8 24.Rxf8 Rxf8 25.Nd7+ Kc8
26.Nxf8 g5 27.Kf2 Kd8 28.Kf3 Ke7 29.Nh7 Kf7 30.e5 Ke6 31.Ke4
c5 32.Nf6 c6 33.g4 b5 34.Ng8 a5 35.Nxh6 c4 36.dxc4 bxc4 37.Nf5
c5 38.c3 a4 39.a3 Kd7 40.Kd5 Ke8 41.e6 Kd8 42.Kd6 Ke8 43.Ng7+
Kf8 44.e7+ Kxg7 45.e8Q Kf6 46.Qe5+ Kf7 47.Qxg5 Kf8 48.Ke6 Ke8
49.Qg8# 1-0

[Event "U. S. Open"]
[Site "Middleton, WI"]
[Date "2013.07.29"]
[Round "3"]
[White "Hughes Charles (ID)"]
[Black "Cai Haoyu  (WI)"]
[Result "1-0"]
[WhiteElo "1740"]
[BlackElo "1415"]
[Annotator ""]
[Source ""]
[Remark ""]

1.d4 d5 2.Bf4 Nf6 3.Nf3 e6 4.h3 Be7 5.e3 Nbd7 6.Bd3 b6 7.O-O
Bb7 8.c3 O-O 9.Nbd2 Ne4 10.Rc1 c5 11.Qc2 Ndf6 12.Ng5 Nxg5 13.Bxg5
h6 14.Bh4 c4 15.Be2 b5 16.Bf3 Qc7 17.e4 e5 18.dxe5 Qxe5 19.Bg3
Qe6 20.exd5 Bxd5 21.Rfe1 Qd7 22.Rcd1 Qb7 23.Bxd5 Nxd5 24.Nf3
Rad8 25.Qf5 g6 26.Qe5 Bf6 27.Qe4 Rfe8 28.Qxe8+ Rxe8 29.Rxe8+
Kg7 30.Rb8 Qc6 31.Nd4 Bxd4 32.Rxd4 a6 33.Rd8 Nf6 34.R8d6 Qe8
35.Rd8 Qe1+ 36.Kh2 b4 37.Rxc4 bxc3 38.Rxc3 Qb1 39.Be5 Qxb2 40.Rd6
Kh7 41.Rxf6 Qxa2 42.Rc8 Qd5 43.Rxf7+ 1-0

[Event "U. S. Open"]
[Site "Middleton, WI"]
[Date "2013.07.29"]
[Round "3"]
[White "Gaustad Kevin  (MN)"]
[Black "Kleist Fredreick  (WA)"]
[Result "0-1"]
[WhiteElo "1771"]
[BlackElo "2037"]
[Annotator ""]
[Source ""]
[Remark ""]

1.e4 c5 2.Nf3 e6 3.d4 cxd4 4.Nxd4 a6 5.Bd3 Bc5 6.Nb3 Be7 7.O-O
d6 8.Be3 Nf6 9.c4 b6 10.Nc3 Nbd7 11.f4 Bb7 12.Qe2 Qc7 13.a4 Rb8
14.a5 bxa5 15.Nxa5 Ba8 16.Bd4 Nc5 17.e5 Nfd7 18.Be4 Nxe4 19.Nxe4
dxe5 20.fxe5 O-O 21.Nf2 Rfd8 22.Bc3 Bc5 23.Kh1 Nf8 24.Ne4 Be7
25.Qg4 Ng6 26.Ng5 Rf8 27.Qh5 h6 28.Nxf7 Nh4 29.Nxh6+ gxh6 30.Qg4+
Kh8 31.Rf6 Bxf6 32.Qxe6 Bxg2+ 33.Kg1 Qc5+ 0-1

[Event "U. S. Open"]
[Site "Middleton, WI"]
[Date "2013.07.30"]
[Round "4"]
[White "Ahmad Mursaleen  (WI)"]
[Black "Varner Murlin  (WA)"]
[Result "0-1"]
[WhiteElo "886"]
[BlackElo "1684"]
[Annotator ""]
[Source ""]
[Remark ""]

1.e4 e6 2.Nf3 d5 3.exd5 exd5 4.d4 Nf6 5.Bg5 Be7 6.Bd3 Nc6 7.O-O
O-O 8.a3 h6 9.Bh4 Bg4 10.Nbd2 Nxd4 11.c3 Nxf3+ 12.Nxf3 Re8 13.h3
Bxf3 14.Qxf3 Ne4 15.Bxe7 Rxe7 16.Rad1 Qe8 17.Rfe1 {%02  (I was considering 17...Ng5 but couldn't see it through.  Seems I should have done it after all.)}
Rd8 {??} ( 17...Ng5 18.Qg3 ( 18.Rxe7 Nxf3+ 19.gxf3 Qxe7 )
( 18.Qe3 Rxe3 19.Rxe3 Ne6 ) Rxe1+ 19.Rxe1 Qxe1+ 20.Kh2 Re8 )
18.Kf1 {%02  (Missed another.  I looked at 18...Nd2, but thought I was seeing something wrong about it where none existed.)}
c6 {??} ( 18...Nd2+ 19.Kg1 ( 19.Rxd2 Rxe1# ) Rxe1+ 20.Rxe1 Qxe1+
21.Kh2 Nxf3+ ) 19.Qe3 Rdd7 20.Bxe4 Rxe4 21.Qxa7 Kh7 22.Rxe4 Qxe4
23.Qd4 f5 24.f3 Qxd4 25.Rxd4 c5 26.Rd2 b6 27.Re2 Rd6 28.f4 Kg6
29.g4 Kf6 30.Kg2 d4 31.cxd4 cxd4 32.Kf3 g5 33.fxg5+ hxg5 34.gxf5
Kxf5 35.Kg3 d3 36.Rd2 Ke4 37.Kf2 Rf6+ 38.Ke1 Rh6 39.Rh2 Ke3 40.Kd1
Rf6 41.Rg2 Rf1# 0-1

[Event "U. S. Open"]
[Site "Middleton, WI"]
[Date "2013.07.29"]
[Round "3"]
[White "Kuhns David  (MN)"]
[Black "Kleist Carol  (WA)"]
[Result "1-0"]
[WhiteElo "1728"]
[BlackElo "1400"]
[Annotator ""]
[Source ""]
[Remark ""]

1.e4 c5 2.Nf3 Nc6 3.d4 cxd4 4.Nxd4 g6 5.Be3 Bg7 6.Be2 Nf6 7.Nc3
O-O 8.O-O d5 9.exd5 Nxd5 10.Nxc6 bxc6 11.Nxd5 cxd5 12.c3 Be6
13.Bf3 Rb8 14.Qd2 Rb7 15.Rfd1 Rd7 16.Bd4 f6 17.Qe3 Bf7 18.Bxa7
Rb7 19.b3 e5 20.Bxd5 Bxd5 21.c4 Qc7 22.Bc5 Be6 23.Bxf8 Bxf8 24.Qd3
Be7 25.a3 Qc6 26.Qc3 Bc5 27.Rdc1 Rf7 28.Qg3 Bd6 29.b4 e4 30.Qb3
Be5 31.Rab1 Rc7 32.b5 Qc5 33.b6 Rb7 34.a4 Bd4 35.a5 Bxf2+ 36.Kf1
Qf5 37.Ke2 Qc5 38.Qc3 Bd4 39.Rb5 Bg4+ 40.Kf1 Qxb5 41.cxb5 Bxc3
42.Rxc3 Bd7 1-0

[Event "U. S. Open"]
[Site "Middleton, WI"]
[Date "2013.07.29"]
[Round "3"]
[White "Rasmussen Kenneth  (WI)"]
[Black "Roland Jeffrey  (ID)"]
[Result "0-1"]
[WhiteElo "1401"]
[BlackElo "1731"]
[Annotator ""]
[Source ""]
[Remark ""]

1.e4 e5 2.Nf3 Nc6 3.Bb5 a6 4.Ba4 Nf6 5.O-O Nxe4 6.Re1 Nc5 7.Bxc6
dxc6 8.Nxe5 Be7 9.d4 Ne6 10.Be3 O-O 11.c3 f6 12.Nd3 Re8 13.Nd2
Kh8 14.Nf3 Qd5 15.Nf4 Qb5 16.Qb3 Bd6 17.Qxb5 axb5 18.Nd3 Bd7
19.a3 b6 20.b4 Nd8 21.Bf4 Nb7 22.Rxe8+ Bxe8 23.Bxd6 Nxd6 24.Nd2
g5 25.f3 Bg6 26.Nf2 Kg7 27.Kf1 Nf5 28.Nd1 Ne7 29.Ne4 h6 30.Kf2
f5 31.Ng3 Nd5 32.Ra2 Kf6 33.Ne2 Ke7 34.Ke1 Bf7 35.Ra1 Kd6 36.Kd2
c5 37.Ne3 Ne7 38.f4 gxf4 39.Nxf4 cxd4 40.cxd4 c5 41.Kc3 cxb4+
42.Kxb4 Ra4+ 43.Kc3 b4+ 44.Kb2 bxa3+ 45.Rxa3 Rxd4 46.Rd3 Ke5
47.Rxd4 Kxd4 48.Nc2+ Ke4 49.Ne2 Kd3 50.Nf4+ Ke4 51.Ne2 Nd5 52.Ng3+
Ke5 53.Ne2 Nf4 54.Nxf4 Kxf4 55.Kc3 Bd5 56.Ne1 Ke3 57.Nc2+ Kf2
58.Nd4 Be4 0-1